000 00267nam a22001217a 4500
008 170323b xxu||||| |||| 00| 0 eng d
041 _aeng
080 _27 ED
_a616.9
100 _a8
101 _aSHM
245 _aINFECTIONS DISEASES
_cBARDDEN.D.T.T
942 _2udc
_cBK
999 _c8428
_d8428